000 00794nam a2200217 a 4500
999 _c4608
_d4608
001 4608
003 BD-JhCC
005 20171128195522.0
008 870917s1985 bg a 001 0 ben
035 _a(BD-JhCC)
040 _aBD-JhCC
_dBD-JhCC
041 _aben
082 0 0 _a301.42603
_bKHA 1985
100 1 _aখান, মোঃ আখতারুজ্জামান
245 1 0 _aজনসংখ্যা নিয়ন্ত্রণ ও পরিবার পরিকল্পনা পরিভাষা /
_cমোঃ আখতারুজ্জামান খান
260 _aঢাকা:
_bবাংলা একাডেমী;
_c১৯৮৫
300 _a16 p.;
_c22 cm
650 0 _aTerminology of Population Control
700 1 _aStrange, Jerry D.
942 _2ddc
_cBK